| 000 | 02213nam a22003617a 4500 | ||
|---|---|---|---|
| 001 | 102306 | ||
| 003 | KnowledgeUnlatched | ||
| 005 | 20210303105018.0 | ||
| 006 | m o d | ||
| 007 | cr u|||||||||| | ||
| 008 | 210129p20182019mau o u00| u eng d | ||
| 037 | _5BiblioBoard | ||
| 245 | 0 | 0 |
_aMoney and Coinage in the Middle Ages _cRory Naismith. |
| 020 | _a9789004383098 | ||
| 029 | 1 | _ahttps://library.biblioboard.com/ext/api/media/4de8c90a-0860-42dd-8669-ff1ebe55bdff/assets/thumbnail.jpg | |
| 040 |
_aScCtBLL _cScCtBLL |
||
| 506 | 0 |
_aAccess copy available to the general public. _fUnrestricted _2star |
|
| 700 | 1 |
_aNaismith, Rory _eeditor. |
|
| 264 | 1 | _bBrill, | |
| 300 | _a1 online resource (1 p.) | ||
| 520 | _aThis volume is the first in a new series entitled Reading Medieval Sources, examining different genres of sources in the Middle Ages, and this book focuses on ways of studying medieval money, and the most direct manifestation of money: coinage. It is intended to introduce readers to a range of approaches to a subject that has, traditionally, been seen as somewhat specialised domain of highly technical study which often seems to sit at some remove from the mainstream of historical and archaeological research. One important aim of the chapters offered is to show ways in which money can be incorporated into analysis of the Middle Ages more broadly, both for particular periods and in specific thematic contexts such as art, literature and economic analysis. | ||
| 588 | 0 | _aDescription based on print version record. | |
| 590 | _aKU Select 2018: HSS Frontlist Books | ||
| 650 | 7 |
_aSocial Science / Archaeology _2bisacsh |
|
| 650 | 7 |
_aHistory / Europe / Great Britain / Middle Ages (449-1066) _2bisacsh |
|
| 650 | 0 | _aSocial sciences | |
| 655 | 0 | _aElectronic books. | |
| 758 |
_iIs found in: _aKnowledge Unlatched _1https://openresearchlibrary.org/module/2774bc74-146a-484f-a7ba-ab1d6a09bbfb |
||
| 856 | 4 | 0 |
_uhttps://openresearchlibrary.org/content/4de8c90a-0860-42dd-8669-ff1ebe55bdff _zView this content on Open Research Library. _70 |
| 999 |
_c33254 _d33254 |
||